000 01135nam a22002411 4500
001 180115
003 ES-MaACL
005 20250805063319.0
008 120419s1949 sp |||| | spa d
080 _a821.134.2-122"18"
080 _a821.134.2 Becquer 2.06
100 1 _aBécquer, Gustavo Adolfo,
_d1836-1870
_926974
245 1 0 _aTeatro de Gustavo Adolfo Bécquer /
_cedición, estudio preliminar, notas... de Juan Antonio Tamayo.
260 _aMadrid :
_bConsejo Superior de Investigaciones Científicas, Patronato "Menéndez Pelayo", Instituto "Miguel de Cervantes",
_c1949.
300 _aLXXXVIII, 536 p. ;
_c25 cm.
490 1 _aAnejos de "La Revista de Filología Española" ;
_v42
505 8 _aContiene: ;
_tLa novia y el pantalón ;
_tLa venta encantada ;
_tLas distracciones ;
_tTal para cual ;
_tLa cruz del valle ;
_tEl nuevo Fígaro ;
_tClara de Rosemberg
700 1 _aTamayo y Rubio, Juan Antonio.
_9149830
710 2 _aInstituto "Miguel de Cervantes"
_95133
830 0 _aAnejos de "La Revista de Filología Española" ;
_v42
_9191161
852 _aES-MaACL
_jE-15389
999 _c180115
_d180115